000 00995nam a22002537a 4500
999 _c64652
_d64652
005 20240530110742.0
008 181108s2017 ua g 000 0|ara d
017 _a2015/17562
_bمصر. دار الكتب
020 _a9789776525609
040 _aEG-CaGPL
_cEG-CaGPL
082 0 4 _221
_a658.4 /
_bع ت
100 0 _aعبدالعزيز قاسم محارب
245 1 0 _aتنمية مهارات القادة فى المجالات المحاسبية والادارية والاقتصادية /
_cعبدالعزيز قاسم محارب
250 _aط.1
260 _aالاسكندرية :
_bالمكتب الجامعى الحديث ،
_c2018.
300 _a687 ص. ؛
_c24 سم.
650 0 7 _2qrmak
_aالتنمية الادارية
650 0 7 _2qrmak
_aالادارة العامة
650 0 7 _2qrmak
_aالقرارات الادارية
650 0 7 _2qrmak
_aالتنمية الاقتصادية
651 _2qrmak
942 _2ddc
_cBK